Statistiken für Städte und Gemeinden im Landkreis Stade

Klicken Sie hier um das Quiz zu spielen!

Allgemein

  • Dieses Quiz wurde 114 mal gespielt
  • Das Durchschnittsergebnis liegt bei 17 aus 40

Antwortstatistiken

Stadt oder Gemeinde% Korrekt
Stade
95%
Buxtehude
91%
Drochtersen
71%
Jork
71%
Horneburg
69%
Ahlerstedt
62%
Harsefeld
60%
Himmelpforten
58%
Apensen
55%
Hammah
55%
Dollern
53%
Freiburg/Elbe
51%
Agathenburg
49%
Fredenbeck
49%
Bargstedt
47%
Kutenholz
47%
Steinkirchen
47%
Wischhafen
44%
Oldendorf
42%
Balje
40%
Mittelnkirchen
40%
Grünendeich
38%
Guderhandviertel
38%
Hollern-Twielenfleth
38%
Bliedersdorf
36%
Nottensdorf
36%
Brest
33%
Deinste
33%
Estorf
33%
Burweg
31%
Kranenburg
29%
Neuenkirchen
29%
Beckdorf
27%
Heinbockel
27%
Oederquart
27%
Düdenbüttel
25%
Sauensiek
24%
Krummendeich
22%
Engelschoff
16%
Großenwörden
11%

Verteilung der Resultate

Perzentil nach korrekt beantworteten Fragen

Anzahl Personen mit jedem Resultat

Ihre Resultats-Entwicklung

Sie haben dieses Quiz noch nicht gespielt